000
00334nam a22001457a 4500
008
221207b ||||| |||| 00| 0 eng d
020
_a
9781584261612
041
_a
eng
080
_a
610.73
082
_a
610.73
100
_a
8
101
_a
INF
245
_a
HEALTH INFORMATION MANAGEMENT TECHNOLOGY
_c
JOHNS L,M
942
_2
udc
_c
BK
999
_c
59117
_d
59117